| 000 | 00353cam a22001217a 4500 | ||
|---|---|---|---|
| 008 | 180718b xxu||||| |||| 00| 0 eng d | ||
| 082 | _aT39x54 K344 | ||
| 245 |
_aEquality, employment & economic order in South Asia _cby Vishwa Yuvak Kendra |
||
| 260 |
_aNew Delhi _bThe author _c |
||
| 300 | _a254p. | ||
| 650 | _aPoverty-Asia. | ||
| 700 | _aVishwa Yuvak Kendra | ||
| 999 |
_c493758 _d493758 |
||